LEADER 01385nam a2200241 i 4500 001 000000046901 003 CaOOAMICUS 005 20120313000000.0 008 120313s1983 it u000 u ita u 013 $a18071 040 $aSeMil$bita 100 1 $aCasella, Mario <1939- >.$0(OLS)http://semarc/name/89217 245 12$aL'opera di Armida Barelli nella chiesa e nella società del suo tempo :$batti dell'incontro di studio, Roma 19 marzo 1983 /$cM. Casella ... [et al.]. 260 $aRoma :$bAVE,$ccopyr. 1983. 300 $a177 p. ;$c20 cm. 490 0 $a[Pubblicazioni dell'] Istituto per la storia dell'Azione Cattolica e del movimento cattolico in Italia «Paolo 6.» ;$v5 500 $aIn mezzo al front : Istituto per la storia dell'azione cattolica e del movimento cattolico in Italia «Paolo 6.». 600 14$aBarelli, Armida .$0(OLS)http://semarc/subject/32690 830 0$aIstituto per la storia dell'Azione Cattolica e del movimento cattolico in Italia «Paolo 6.» ;$v5.$0(OLS)http://semarc/title/397 850 $aSeMil 852 $aSeMil$W1$xVenegono$y1$m2C II 372$j13056$B13056$CSeMilBibl$Z2$F13056 $81 996 $6245$aL'opera di Armida Barelli nella chiesa e nella società del suo tempo :$batti dell'incontro di studio, Roma 19 marzo 1983$9(OLS)http://semarc/title/70379 996 $6260$aRoma :$bAVE$9(OLS)http://semarc/publisher/30251 LEADER 01037nam a2200229 i 4500 001 000000050533 003 CaOOAMICUS 005 19981023000000.0 008 981023n xx u000 u gre u 013 $a21704 020 $a3525534213 040 $aSeMil$bita 245 10$aDuodecim prophetae. 650 4$aBibbia. Antico Testamento - Traduzioni greche - Settanta.$0(OLS)http://semarc/subject/16 650 4$aBibbia. Antico Testamento. Libri profetici - Profeti minori - Commentari, studi, critica, interpretazioni.$0(OLS)http://semarc/subject/20930 700 1 $aZiegler, Joseph <1902-1988>.$0(OLS)http://semarc/name/90614 773 0 $aAkademie der Wissenschaften $tSeptuaginta.$dIn Göttingen : Vandenhoeck & Ruprecht, 1974-$g13$w()239 850 $aSeMil 852 $aSeMil$W1$xVenegono$y1$mSL1.R III 33$j16688$B16688$CSeMilBibl$Z2$F16688 $8I 961 $aAcquisto: Glossa (Libreria) 996 $6020$a3525534213$9(OLS)http://semarc/number/24393 996 $6245$aDuodecim prophetae$9(OLS)http://semarc/title/77125